| 000 -LEADER |
| fixed length control field |
00620nam a22002057a 4500 |
| 003 - CONTROL NUMBER IDENTIFIER |
| control field |
OSt |
| 005 - DATE AND TIME OF LATEST TRANSACTION |
| control field |
20260514103833.0 |
| 008 - FIXED-LENGTH DATA ELEMENTS--GENERAL INFORMATION |
| fixed length control field |
260514b ||||| |||| 00| 0 eng d |
| 040 ## - CATALOGING SOURCE |
| Original cataloging agency |
BSHUA |
| Language of cataloging |
Shqip |
| 050 ## - LIBRARY OF CONGRESS CALL NUMBER |
| Item number |
788.5/Dam. |
| 082 ## - DEWEY DECIMAL CLASSIFICATION NUMBER |
| Item number |
788.5/Dam. |
| 100 ## - MAIN ENTRY--PERSONAL NAME |
| Personal name |
Damase, Jean - Michel |
| 245 ## - TITLE STATEMENT |
| Title |
Quatre Divertissements : pour flute et piano |
| 260 ## - PUBLICATION, DISTRIBUTION, ETC. (IMPRINT) |
| Place of publication, distribution, etc |
Paris: |
| Name of publisher, distributor, etc |
Gerard Billaudot, |
| Date of publication, distribution, etc |
1988. |
| 300 ## - PHYSICAL DESCRIPTION |
| Extent |
2 parte |
| 653 ## - INDEX TERM--UNCONTROLLED |
| Uncontrolled term |
Muzika boterore - Muzika franceze - Muzika instrumentale - Muzike per flaut - 4 Divertimenti per Flaut dhe Piano - |
| -- |
2 parte |
| 856 ## - ELECTRONIC LOCATION AND ACCESS |
| Link text |
Fulltext |
| 942 ## - ADDED ENTRY ELEMENTS (KOHA) |
| Source of classification or shelving scheme |
|
| Koha item type |
Music Parts |
| 953 ## - Fulltext |
| Is Fulltext Available |
Unavailable |